[Event "Sachsen-Anhalt 30 Years op"]
[Site "Magdeburg"]
[Date "2020.10.23"]
[Round "3.9"]
[White "Enekwizu, Divine"]
[Black "Tews, Steffen"]
[Result "1-0"]
[WhiteElo "1803"]
[BlackElo "1755"]
[PlyCount "71"]
[EventDate "2020.10.22"]
[EventType "swiss"]
[EventRounds "7"]
[EventCountry "GER"]
[SourceTitle "EXT 2022"]
[Source "ChessBase"]
[SourceDate "2021.10.06"]
[SourceVersion "1"]
[SourceVersionDate "2021.10.06"]
[SourceQuality "1"]

1. d4 g6 2. e4 Bg7 3. Bf4 d6 4. Nc3 Nc6 5. Nge2 e5 6. dxe5 Nxe5 7. Nd4 Ne7 8. Qd2 N7c6 9. Nxc6 bxc6 10. Be2 Be6 11. 0-0 0-0 12. Rad1 Qc8 13. Bg3 Nc4 14. Bxc4 Bxc4 15. Rfe1 Rb8 16. b3 Be6 17. h3 Qa6 18. e5 Qa5 19. Qe3 Rfe8 20. f4 d5 21. Bh4 Bf8 22. Na4 Rb4 23. Qg3 Bf5 24. c3 Re4 25. Rxe4 Bxe4 26. Bf6 Qb5 27. Rf1 Bc5+ 28. Nxc5 Qxc5+ 29. Kh2 Qb5 30. Rf2 Qc5 31. f5 d4 32. cxd4 Qxd4 33. Qh4 Qe3 34. Rf4 Rxe5 35. Bxe5 Bxf5 36. Qd8# 1-0

[Event "Sachsen-Anhalt 30 Years op"]
[Site "Magdeburg"]
[Date "2020.10.22"]
[Round "2.9"]
[White "Schillig, Sascha"]
[Black "Enekwizu, Divine"]
[Result "0-1"]
[WhiteElo "1695"]
[BlackElo "1803"]
[PlyCount "38"]
[EventDate "2020.10.22"]
[EventType "swiss"]
[EventRounds "7"]
[EventCountry "GER"]
[SourceTitle "EXT 2022"]
[Source "ChessBase"]
[SourceDate "2021.10.06"]
[SourceVersion "1"]
[SourceVersionDate "2021.10.06"]
[SourceQuality "1"]

1. e4 c5 2. Nf3 e6 3. d4 cxd4 4. Nxd4 Nc6 5. a3 Qc7 6. Nc3 a6 7. Be2 Nf6 8. 0-0 Be7 9. f4 Nxd4 10. e5 Nd5 11. Nxd5 exd5 12. c3 Nxe2+ 13. Qxe2 0-0 14. f5 Re8 15. Bf4 Bc5+ 16. Kh1 d6 17. exd6 Rxe2 18. dxc7 Bxf5 19. b4 Bb6 0-1

[Event "Sachsen-Anhalt Landesliga-A 1920"]
[Site "Sachsen Anhalt"]
[Date "2020.10.18"]
[Round "9.2"]
[White "Gueldenpfennig, Gavin"]
[Black "Enekwizu, Divine"]
[Result "0-1"]
[WhiteElo "1597"]
[BlackElo "1823"]
[PlyCount "51"]
[EventDate "2019.09.29"]
[EventType "team-tourn"]
[EventRounds "9"]
[EventCountry "GER"]
[SourceTitle "EXT 2023"]
[Source "ChessBase"]
[SourceDate "2022.10.05"]
[SourceVersion "1"]
[SourceVersionDate "2022.10.05"]
[SourceQuality "1"]
[WhiteTeam "Tangerhuette Eintracht"]
[BlackTeam "Magdeburg Rochade II"]
[WhiteTeamCountry "GER"]
[BlackTeamCountry "GER"]

1. e4 c5 2. Nf3 e6 3. d4 cxd4 4. Nxd4 Nc6 5. Nc3 Qc7 6. Be3 Nf6 7. a3 a6 8. g3 Be7 9. Bg2 0-0 10. 0-0 Rd8 11. f4 d5 12. e5 Nd7 13. Nce2 Rb8 14. Rc1 b5 15. Bh3 Nb6 16. Nxc6 Qxc6 17. Nd4 Qc7 18. f5 Nc4 19. Bf4 Bc5 20. c3 Nxb2 21. Qg4 Nd3 22. Bh6 Qxe5 23. Rce1 exf5 24. Qxg7+ Qxg7 25. Bxg7 Nb2 26. Bf6 0-1

[Event "Sachsen-Anhalt Landesliga-A 1920"]
[Site "Sachsen Anhalt"]
[Date "2020.03.01"]
[Round "7.6"]
[White "Berger, Andre"]
[Black "Enekwizu, Divine"]
[Result "1/2-1/2"]
[WhiteElo "1766"]
[BlackElo "1823"]
[PlyCount "62"]
[EventDate "2019.09.29"]
[EventType "team-tourn"]
[EventRounds "9"]
[EventCountry "GER"]
[SourceTitle "EXT 2023"]
[Source "ChessBase"]
[SourceDate "2022.10.05"]
[SourceVersion "1"]
[SourceVersionDate "2022.10.05"]
[SourceQuality "1"]
[WhiteTeam "Burger Schwarz Weiss"]
[BlackTeam "Magdeburg Rochade II"]
[WhiteTeamCountry "GER"]
[BlackTeamCountry "GER"]

1. d4 Nf6 2. Nf3 g6 3. Nc3 Bg7 4. e4 d6 5. h3 0-0 6. Be2 e5 7. dxe5 dxe5 8. Bg5 Nbd7 9. 0-0 c6 10. a4 Qb6 11. Qc1 Qb4 12. a5 Nxe4 13. Nxe4 Qxe4 14. Bd3 Qd5 15. Nd2 Nc5 16. Bc4 Qd6 17. Rd1 Qc7 18. Be3 Ne6 19. Ne4 Kh8 20. Qd2 f5 21. Ng5 Nxg5 22. Bxg5 Bf6 23. Bxf6+ Rxf6 24. Qd8+ Qxd8 25. Rxd8+ Kg7 26. Re1 b5 27. axb6 axb6 28. Rxe5 Ra1+ 29. Kh2 Ba6 30. Bxa6 Rxa6 31. Re7+ Rf7 1/2-1/2